[Event "Match"]
[Site "www.echecsemail.com"]
[Date "2018.12.02"]
[Round "1"]
[White "Geodad5"]
[Black "Tonino1"]
[WhiteElo "2100"]
[BlackElo "2140"]
[Result "0-1"]
[Round "1"]
1.e4 d6
2.d4 Ng8f6
3.Nb1c3 c6
4.Ng1f3 Qd8c7
5.Bf1d3 e5
6.O-O g6
7.h3 Bf8g7
8.dxe5 dxe5
9.Bc1e3 O-O
10.Qd1d2 b5
11.a3 Nf6h5
12.Nc3e2 f5
13.Be3c5 Rf8f7
14.c4 Nb8a6
15.Bc5b4 Na6xb4
16.Qd2xb4 a5
17.Qb4d2 Rf7d7
18.Qd2c2 f4
19.cxb5 cxb5
20.Qc2b3 Kh8
21.Bd3xb5 Ra8b8
22.Ne2c3 Bc8a6
23.a4 Nh5f6
24.Rf1d1 Rd7d6
25.Rd1xd6 Qc7xd6
26.Ra1d1 Qd6e7
27.Qb3c2 Ba6b7
28.Nf3d2 Qe7b4
29.Nd2c4 Rb8c8
30.Nc4d6 Rc8c7
31.Nd6xb7 Rc7xb7
32.Rd1d8 Bg7f8
33.Nc3d5 Nf6xd5
34.exd5 Kg7
35.b3 Bf8c5
36.Qc2e2 e4
37.Rd8e8 e3
38.Bb5c4 exf2
39.Kh2 Bc5e3
40.Qe2g4 Qb4e1
{ resign }
0-1

[Event "Tourn. n10012"]
[Site "www.echecsemail.com"]
[Date "2018.12.02"]
[Round "1"]
[White "Mitja"]
[Black "Bojan"]
[WhiteElo "1970"]
[BlackElo "1970"]
[Result "0-1"]
[Round "1"]
1.d4 d5
2.e3 a6
3.c4 dxc4
4.Bf1xc4 Bc8d7
5.Qd1b3 e6
6.Ng1f3 b6
7.Nf3e5 Bd7c8
8.Ne5f3 Nb8c6
9.Bc4d3 Ng8f6
10.Qb3c2 Nc6b4
11.Qc2b3 Nb4xd3
12.Qb3xd3 Bc8b7
13.Nb1d2 a5
14.h3 Bf8b4
15.a3 Bb4d6
16.Qd3b5 Ke7
17.Qb5d3 c6
18.b3 h6
19.Bc1b2 Kf8
20.a4 Nf6d5
21.Bb2a3 Nd5b4
22.Qd3c3 c5
23.dxc5 Bd6xc5
24.O-O f6
25.Rf1d1 Qd8e7
26.Ba3b2 Ra8c8
27.Nd2c4 Bb7xf3
28.gxf3 Kf7
29.Nc4xb6 Bc5xb6
30.Qc3xc8 Rh8xc8
31.Rd1d7 Qe7xd7
32.Ra1d1 Qd7xd1
{ resign }
0-1

[Event "Match"]
[Site "www.echecsemail.com"]
[Date "2018.12.02"]
[Round "1"]
[White "Apdash"]
[Black "Gimmyg"]
[WhiteElo "2310"]
[BlackElo "2580"]
[Result "0-1"]
[Round "1"]
1.d4 Ng8f6
2.c4 e6
3.Bc1g5 Bf8b4
4.Nb1c3 O-O
5.a3 Bb4xc3
6.bxc3 b6
7.e4 d6
8.f4 e5
9.fxe5 dxe5
10.Ng1f3 Nb8c6
11.d5 Nc6a5
12.Bf1d3 h6
13.Bg5h4 Qd8d6
14.O-O Bc8g4
15.Qd1e1 Bg4xf3
16.Rf1xf3 Nf6d7
17.Bh4f2 Nd7c5
18.Bf2xc5 Qd6xc5
19.Qe1f2 Na5b3
20.Ra1a2 f6
21.a4 Nb3c1
22.Qf2xc5 bxc5
23.a5 Nc1xa2
24.Bd3b1 Rf8b8
25.Bb1xa2 Rb8b2
26.Rf3f2 Rb2xf2
27.Kxf2 Ra8b8
28.Kf3 Rb8b2
29.g4 Rb2xa2
{ resign }
0-1

[Event "Match"]
[Site "www.echecsemail.com"]
[Date "2018.12.02"]
[Round "1"]
[White "Chapi"]
[Black "Apdash"]
[WhiteElo "2050"]
[BlackElo "2250"]
[Result "1-0"]
[Round "1"]
1.d4 d5
2.c4 e6
3.Nb1c3 c6
4.e4 dxe4
5.Nc3xe4 Bf8b4
6.Bc1d2 Qd8xd4
7.Bd2xb4 Qd4xe4
8.Ng1e2 Qe4xc4
9.Qd1d6 Nb8a6
10.Qd6f8 Kd7
11.Ra1d1 Kc7
12.Qf8d8 Kb8
13.Bb4d6 Na6c7
14.Bd6xc7 { resign }
1-0

[Event "Match"]
[Site "www.echecsemail.com"]
[Date "2018.12.02"]
[Round "1"]
[White "Luzhin"]
[Black "Micheles"]
[WhiteElo "2480"]
[BlackElo "2540"]
[Result "1-0"]
[Round "1"]
1.d4 Ng8f6
2.c4 g6
3.Nb1c3 d5
4.cxd5 Nf6xd5
5.e4 Nd5xc3
6.bxc3 Bf8g7
7.Ng1f3 c5
8.Ra1b1 O-O
9.Bf1e2 b6
10.O-O Bc8b7
11.Qd1d3 e6
12.Bc1g5 Qd8c7
13.Qd3e3 Nb8d7
14.Rf1c1 Nd7f6
15.Be2d3 Ra8c8
16.a4 cxd4
17.cxd4 Qc7b8
18.Nf3e5 Rc8xc1
19.Rb1xc1 Qb8d6
20.Ne5c4 Qd6d7
21.Nc4e5 Qd7xa4
22.h3 a5
23.h4 Bb7a8
24.Rc1c4 Qa4e8
25.Rc4c2 Nf6h5
26.g4 f6
27.gxh5 fxe5
28.h6 Bg7f6
29.Bg5xf6 Rf8xf6
30.Qe3g5 Rf6f7
31.Qg5xe5 { resign }
1-0

[Event "Tourn. n10021"]
[Site "www.echecsemail.com"]
[Date "2018.12.02"]
[Round "1"]
[White "Fantomas"]
[Black "Erno"]
[WhiteElo "2100"]
[BlackElo "2169"]
[Result "0-1"]
[Round "1"]
1.e4 c5
2.Bf1c4 a6
3.c3 b5
4.Bc4b3 e6
5.Ng1f3 Bc8b7
6.Bb3c2 d5
7.Qd1e2 dxe4
8.Bc2xe4 Nb8c6
9.O-O Ng8f6
10.Be4c2 Bf8e7
11.d3 O-O
12.Bc1f4 Nf6h5
13.Bf4d2 Qd8c7
14.Bd2e3 Nh5f4
15.Qe2d2 Nf4xg2
16.Kxg2 Nc6e5
17.Bc2d1 Qc7c6
18.Qd2e2 Ne5xf3
19.Kg3 Be7h4
20.Kh3 Nf3g5
21.Kxh4 Qc6g2
{ resign }
0-1

[Event "Tourn. n10022"]
[Site "www.echecsemail.com"]
[Date "2018.12.02"]
[Round "1"]
[White "Fantomas"]
[Black "Erno"]
[WhiteElo "2100"]
[BlackElo "2169"]
[Result "0-1"]
[Round "1"]
1.b4 d5
2.Bc1b2 Ng8f6
3.a3 Nb8d7
4.d4 a5
5.c3 e5
6.e3 exd4
7.exd4 Bf8d6
8.Bf1d3 O-O
9.Ng1e2 Nd7b6
10.Nb1d2 Rf8e8
11.O-O Bc8g4
12.Rf1e1 Bg4h5
13.Qd1c2 Qd8e7
14.Nd2f1 Bh5g6
15.Bd3xg6 hxg6
16.Ra1d1 Nb6c4
17.Bb2c1 b5
18.Nf1e3 Nc4xe3
19.Bc1xe3 Nf6g4
20.Ne2g3 Qe7h4
21.h3 Ng4xe3
{ resign }
0-1

[Event "Match"]
[Site "www.echecsemail.com"]
[Date "2018.12.02"]
[Round "1"]
[White "Bojan"]
[Black "Ssharp"]
[WhiteElo "1960"]
[BlackElo "2280"]
[Result "0-1"]
[Round "1"]
1.e4 e5
2.Ng1f3 Ng8f6
3.Nf3xe5 d6
4.Ne5f3 Nf6xe4
5.d4 Bc8f5
6.d5 Bf8e7
7.Nb1d2 Ne4f6
8.c4 O-O
9.Nf3d4 Bf5g6
10.Nd2f3 Nb8d7
11.Nf3h4 Bg6e4
12.Nh4f5 Rf8e8
13.Bc1e3 Be7f8
14.Qd1d2 a5
15.f3 Be4xf5
16.Nd4xf5 g6
17.Nf5g3 Bf8h6
{ resign }
0-1

[Event "Tourn. n10008"]
[Site "www.echecsemail.com"]
[Date "2018.12.02"]
[Round "1"]
[White "Odin"]
[Black "Pariolinius"]
[WhiteElo "1940"]
[BlackElo "1860"]
[Result "1-0"]
[Round "1"]
1.d4 f5
2.c4 Ng8f6
3.g3 g6
4.Bf1g2 d6
5.d5 Bf8g7
6.Ng1f3 e5
7.dxe6 Bc8xe6
8.Nf3g5 { resign }
1-0

[Event "Tourn. n10005"]
[Site "www.echecsemail.com"]
[Date "2018.12.02"]
[Round "1"]
[White "Apdash"]
[Black "Tonino1"]
[WhiteElo "2300"]
[BlackElo "2250"]
[Result "1/2-1/2"]
[Round "1"]
1.e4 d6
2.d4 Ng8f6
3.Nb1c3 c6
4.f4 Qd8c7
5.Bf1c4 b5
6.Bc4b3 b4
7.e5 bxc3
8.exf6 exf6
9.bxc3 Bf8e7
10.Ng1f3 O-O
11.O-O Bc8a6
12.Rf1e1 d5
13.a4 Be7d6
14.f5 Nb8d7
15.Bc1a3 Bd6xa3
16.Ra1xa3 Qc7d6
17.Ra3a1 Rf8e8
18.Qd1d2 Nd7b6
19.Re1xe8 Ra8xe8
20.Ra1e1 Re8e4
21.Re1xe4 dxe4
22.Nf3e1 c5
23.a5 Nb6c4
24.Qd2e2 Nc4xa5
25.dxc5 Ba6xe2
26.cxd6 Kf8
27.Kf2 Be2c4
28.Bb3a4 Na5b7
29.d7 Ke7
30.Ke3 Nb7c5
31.Ba4c6 Nc5xd7
32.Bc6xd7 Kxd7
33.Kxe4 a5
34.Kd4 Bc4b5
35.c4 Bb5c6
36.c5 Kc7
37.g3 Bc6d7
38.g4 Kc6
39.c4 g6
40.fxg6 fxg6
41.h3 h5
42.gxh5 gxh5
43.h4 Bd7h3
44.Ne1d3 Bh3g4
45.Nd3f4 Bg4d1
46.Nf4d5 a4
47.Nd5xf6 a3
48.Nf6d5 Kd7
49.Nd5b4 Bd1b3
50.Kc3 a2
51.Kb2 Bb3xc4
52.Nb4xa2 Ke6
53.c6 Bc4a6
54.Na2b4 Ba6c8
55.Kc3 Kf5
56.Kd3 Kg4
57.Ke3 Kxh4
58.Kf2 Kh3
59.Kg1 Kg3
60.Nb4d3 h4
61.Nd3f2 Kf3
62.c7 Bc8a6
63.Nf2h3 Kg3
64.Nh3f2 h3
65.Nf2h1 Kf3
66.Kh2 Ba6c8
{ draw }
1/2-1/2

[Event "Tourn. n9991"]
[Site "www.echecsemail.com"]
[Date "2018.12.02"]
[Round "1"]
[White "Panham"]
[Black "Bojan"]
[WhiteElo "2180"]
[BlackElo "2000"]
[Result "1-0"]
[Round "1"]
1.e4 e5
2.Ng1f3 d6
3.Bf1c4 Bc8g4
4.Bc4xf7 Kxf7
5.Nf3xe5 Ke8
6.Ne5xg4 h5
7.Ng4e3 Nb8c6
8.d4 g5
9.O-O Bf8e7
10.Nb1c3 Ng8f6
11.Ne3f5 Nf6d7
12.Nf5g7 Kf7
13.Ng7f5 Be7f6
14.f4 g4
15.e5 dxe5
16.fxe5 Bf6g7
17.Nf5d6 Ke6
18.d5 Ke7
19.Rf1f7 { resign }
1-0

[Event "Tourn. n10003"]
[Site "www.echecsemail.com"]
[Date "2018.12.02"]
[Round "1"]
[White "Francesco"]
[Black "Cemaah"]
[WhiteElo "1930"]
[BlackElo "1859"]
[Result "0-1"]
[Round "1"]
1.e4 Ng8f6
2.e5 Nf6d5
3.d4 d6
4.exd6 cxd6
5.c4 Nd5b6
6.Nb1c3 g6
7.Ng1f3 Bf8g7
8.Bc1g5 O-O
9.Bf1d3 Bc8g4
10.O-O Nb8c6
11.d5 Nc6e5
12.Rf1e1 f6
13.Bg5e3 Bg4xf3
14.gxf3 Nb6xc4
15.Bd3xc4 Ne5xc4
16.b3 Nc4e5
17.Ra1c1 Qd8d7
18.Qd1e2 Qd7h3
19.Nc3e4 Ne5xf3
{ resign }
0-1

[Event "Match"]
[Site "www.echecsemail.com"]
[Date "2018.12.02"]
[Round "1"]
[White "Ssharp"]
[Black "Bojan"]
[WhiteElo "2280"]
[BlackElo "1960"]
[Result "1-0"]
[Round "1"]
1.e4 e5
2.f4 exf4
3.Bf1c4 Qd8h4
4.Kf1 Qh4f6
5.d4 d6
6.Nb1c3 c6
7.Ng1f3 g5
8.e5 Qf6g6
9.Qd1e2 Kd8
10.exd6 Bc8g4
11.Bc4d3 Qg6xd6
12.Nc3e4 Bg4xf3
13.Qe2xf3 Qd6e7
14.Bc1d2 h6
15.Ra1e1 Qe7c7
16.Qf3h5 b5
17.Ne4xg5 { resign }
1-0

[Event "1/64 Finale"]
[Site "www.chess-mail.com"]
[Date "2018.12.02"]
[Round "1"]
[White "Cal"]
[Black "Numanoid"]
[WhiteElo "1740"]
[BlackElo "2590"]
[Result "0-1"]
[Round "1"]
1.c4 e5
2.e4 Ng8f6
3.d3 Bf8c5
4.a3 a5
5.Bc1g5 h6
6.Bg5h4 d6
7.Ng1f3 Nb8c6
8.Nb1c3 Bc8g4
9.Bf1e2 Bg4xf3
10.Be2xf3 g5
11.Bh4g3 h5
12.O-O h4
13.Bg3xe5 dxe5
14.h3 Nc6d4
15.Nc3d5 Nf6xd5
16.cxd5 Nd4xf3
17.Qd1xf3 Qd8e7
18.Ra1c1 Ra8a6
19.Qf3f5 O-O
20.Kh2 Ra6g6
21.Qf5g4 Bc5d6
22.g3 hxg3
23.fxg3 Kg7
24.Rf1f5 f6
25.Rc1f1 Rf8h8
26.d4 exd4
27.Rf1d1 Rh8h4
28.Qg4f3 Rh4xh3
29.Kxh3 g4
30.Qf3xg4 Rg6xg4
31.Kxg4 Qe7xe4
32.Kh3 Qe4xf5
33.Kg2 Qf5c2
34.Kf3 Qc2xd1
35.Kg2 Qd1e2
{ resign }
0-1

[Event "1/128 Finale"]
[Site "www.chess-mail.com"]
[Date "2018.12.02"]
[Round "1"]
[White "Passaroa25"]
[Black "Picifarkinca"]
[WhiteElo "1670"]
[BlackElo "1580"]
[Result "1/2-1/2"]
[Round "1"]
1.Nb1c3 c5
2.Ng1f3 Ng8f6
3.e4 d6
4.d3 Nb8c6
5.Bf1e2 e6
6.Bc1d2 Bf8e7
7.b3 O-O
8.a4 a6
9.Ra1c1 Nc6d4
10.O-O Bc8d7
11.Nf3xd4 cxd4
12.Nc3a2 e5
13.Be2f3 a5
14.c4 b6
15.Qd1c2 Qd8c8
16.Rc1b1 Ra8a7
17.Rb1e1 Qc8a8
18.g4 Qa8c8
19.Na2c1 Nf6xg4
20.Nc1e2 Ng4f6
21.Ne2g3 Bd7h3
22.Bf3g2 Bh3xg2
23.Kxg2 Qc8g4
24.h3 Qg4c8
25.f3 Nf6d7
{ draw }
1/2-1/2

[Event "Fast Game"]
[Site "www.echecsemail.com"]
[Date "2018.12.02"]
[Round "1"]
[White "Mitja"]
[Black "Apdash"]
[WhiteElo "1760"]
[BlackElo "1850"]
[Result "0-1"]
[Round "1"]
1.d4 d5
2.e3 Nb8c6
3.c3 Ng8f6
4.h3 e5
5.dxe5 Nc6xe5
6.Ng1f3 Ne5g6
7.b3 Bf8d6
8.Bc1b2 c6
9.Bf1e2 O-O
10.Qd1c2 Nf6e4
11.Nb1d2 Bc8f5
12.c4 Bd6b4
13.Ra1d1 Ne4xd2
{ resign }
0-1

[Event "Tourn. n10012"]
[Site "www.echecsemail.com"]
[Date "2018.12.03"]
[Round "1"]
[White "Mitja"]
[Black "Erno"]
[WhiteElo "1970"]
[BlackElo "2089"]
[Result "0-1"]
[Round "1"]
1.d4 Ng8f6
2.e3 g6
3.c3 Bf8g7
4.b3 O-O
5.Bc1b2 d6
6.h3 e5
7.dxe5 dxe5
8.f3 Qd8e7
9.Bb2a3 c5
10.e4 Nf6h5
11.Ng1e2 Qe7h4
12.g3 Nh5xg3
13.Ne2xg3 Qh4xg3
14.Ke2 b6
15.Qd1e1 Bc8a6
16.c4 Qg3g5
17.Ba3c1 Qg5d8
18.Bc1b2 Nb8c6
19.Kf2 Nc6d4
20.Qe1c3 f5
{ resign }
0-1

[Event "Match"]
[Site "www.echecsemail.com"]
[Date "2018.12.03"]
[Round "1"]
[White "Apdash"]
[Black "Ff333"]
[WhiteElo "2080"]
[BlackElo "2120"]
[Result "1-0"]
[Round "1"]
1.d4 d5
2.c4 e6
3.Ng1f3 Bf8b4
4.Nb1c3 Bb4xc3
5.bxc3 Ng8f6
6.cxd5 Qd8xd5
7.a4 O-O
8.e3 Nf6e4
9.Qd1c2 Qd5c6
10.c4 f6
11.Bf1d3 f5
12.Nf3e5 Qc6e8
13.Bd3xe4 fxe4
14.Qc2xe4 Nb8c6
15.Bc1a3 Rf8f5
16.Ne5xc6 Qe8xc6
17.Qe4xc6 bxc6
18.O-O Rf5a5
19.Ba3b4 Ra5f5
20.e4 Rf5f7
21.f3 Ra8b8
22.Ra1b1 Bc8a6
23.Rf1c1 Rf7d7
24.Bb4c5 Rb8a8
25.Kf2 g5
26.Ke3 Kg7
27.g3 h5
28.f4 Kf6
29.Rb1b2 Rd7d8
30.Rb2f2 g4
31.f5 exf5
32.Rf2xf5 Kg6
33.Kd3 Ba6c8
34.Rf5e5 Rd8d7
35.Re5e6 Kh7
36.Re6xc6 Rd7f7
37.d5 Ra8b8
38.Bc5xa7 Rb8b3
39.Rc1c3 Rf7f3
40.Ba7e3 Rb3xc3
41.Kxc3 Rf3xe3
42.Kd4 Re3a3
43.Rc6xc7 Kg6
44.Rc7xc8 Ra3xa4
45.Rc8f8 Ra4a2
46.e5 Kg7
47.Rf8f5 Kg6
48.Rf5f6 Kg7
49.d6 Ra2xh2
50.c5 h4
51.gxh4 Rh2xh4
52.d7 g3
53.Ke3 g2
54.Kf2 Rh4g4
55.Kg1 Rg4d4
56.c6 { resign }
1-0

[Event "Tourn. n9993"]
[Site "www.echecsemail.com"]
[Date "2018.12.03"]
[Round "1"]
[White "Traub"]
[Black "Cemaah"]
[WhiteElo "1670"]
[BlackElo "1809"]
[Result "0-1"]
[Round "1"]
1.c4 e5
2.Nb1c3 Bf8b4
3.Nc3d5 Bb4c5
4.e3 c6
5.Nd5c3 Ng8f6
6.d4 Bc5b4
7.a3 Bb4xc3
8.bxc3 Qd8a5
9.Qd1c2 O-O
10.a4 Rf8e8
11.Bf1d3 { time. }
0-1

[Event "Match"]
[Site "www.echecsemail.com"]
[Date "2018.12.03"]
[Round "1"]
[White "Geodad5"]
[Black "Apdash"]
[WhiteElo "2090"]
[BlackElo "2350"]
[Result "0-1"]
[Round "1"]
1.d4 d5
2.c4 e6
3.a3 Ng8f6
4.e3 c5
5.dxc5 Bf8xc5
6.b4 Bc5e7
7.Bc1b2 Bc8d7
8.cxd5 exd5
9.Nb1c3 a5
10.b5 Bd7e6
11.Ng1f3 Nb8d7
12.Bf1d3 Nd7c5
13.Bd3c2 h6
14.O-O O-O
15.Ra1c1 Qd8d6
16.Qd1e2 Be6g4
17.h3 Bg4h5
18.Rf1d1 Be7d8
19.Rd1d2 Bd8c7
20.g4 Bh5g6
21.Qe2d1 Bg6xc2
22.Qd1xc2 b6
23.a4 Ra8c8
24.Bb2a3 Qd6e6
25.Kg2 Rf8e8
26.Rc1h1 Nf6xg4
27.Nf3d4 Ng4xe3
28.fxe3 Qe6xe3
29.Nc3e2 Qe3g5
30.Kf1 Nc5e4
31.Rd2d3 Ne4g3
32.Rd3xg3 Bc7xg3
33.Qc2b3 Re8e3
34.Nd4f3 Re3xb3
35.Nf3xg5 Rb3xa3
36.Ne2xg3 Ra3xg3
37.Kf2 Rg3xg5
38.Rh1e1 Rg5f5
39.Kg3 Kf8
40.Kg4 Rf5g5
41.Kf4 Rc8c4
42.Kf3 Rc4xa4
43.Re1c1 Ra4c4
44.Rc1xc4 dxc4
45.h4 Rg5xb5
46.Ke3 Rb5d5
{ resign }
0-1

[Event "Tourn. n9961"]
[Site "www.echecsemail.com"]
[Date "2018.12.03"]
[Round "1"]
[White "Rons"]
[Black "Szustan"]
[WhiteElo "2660"]
[BlackElo "2560"]
[Result "1-0"]
[Round "1"]
1.e4 e5
2.Ng1f3 Nb8c6
3.Bf1b5 a6
4.Bb5a4 Ng8f6
5.O-O Nf6xe4
6.d4 b5
7.Ba4b3 d5
8.dxe5 Bc8e6
9.Bc1e3 Bf8e7
10.c3 O-O
11.Nb1d2 Qd8d7
12.Bb3c2 f5
13.exf6 Ne4xf6
14.Qd1b1 Kh8
15.b4 a5
16.a3 axb4
17.axb4 Ra8xa1
18.Qb1xa1 Be7d6
19.Bc2d3 Nc6e7
20.Rf1e1 Be6f5
21.Qa1b1 Bf5xd3
22.Qb1xd3 c6
23.Be3d4 Ne7g6
24.g3 Rf8e8
25.Re1xe8 Qd7xe8
26.Bd4xf6 gxf6
27.Kf1 Ng6e7
28.Nf3d4 Qe8h5
29.Qd3e2 Qh5xe2
30.Kxe2 Bd6c7
31.Nd2b3 Bc7b6
32.Kd3 Kg7
33.Nb3a5 Kf7
34.Na5xc6 Ne7xc6
35.Nd4xc6 Bb6xf2
36.Nc6d4 Kg6
37.Nd4xb5 Bf2b6
38.Nb5d4 f5
39.Nd4e2 Kf6
40.c4 dxc4
41.Kxc4 Ke5
42.Kb5 Bb6f2
43.Kc6 Ke4
44.b5 Kf3
45.Ne2f4 { resign }
1-0

[Event "Tourn. n9948"]
[Site "www.echecsemail.com"]
[Date "2018.12.03"]
[Round "1"]
[White "Alcon"]
[Black "Passaroa25"]
[WhiteElo "1709"]
[BlackElo "1700"]
[Result "1-0"]
[Round "1"]
1.d4 Nb8c6
2.d5 Nc6e5
3.e4 f6
4.f4 Ne5g6
5.Ng1f3 e5
6.fxe5 Ng6xe5
7.Nf3xe5 fxe5
8.Qd1h5 g6
9.Qh5xe5 Kf7
10.Qe5xh8 h6
11.Qh8d4 Qd8h4
12.Qd4f2 Qh4xf2
13.Kxf2 Ng8f6
14.Bf1d3 Nf6g4
15.Ke2 d6
16.h3 Ng4e5
17.Nb1c3 a6
18.Bc1e3 Ne5xd3
19.Kxd3 Bc8d7
20.Rh1f1 Kg7
21.Be3d4 Kg8
22.Rf1f6 Bd7e8
23.g4 Bf8g7
24.Rf6f3 Bg7xd4
25.Kxd4 Be8f7
26.Ra1f1 Ra8f8
27.a4 g5
28.Nc3e2 c5
29.dxc6 bxc6
30.Ne2g3 c5
31.Kd3 Kg7
32.Ng3f5 Kh7
33.Nf5xd6 Kg6
34.Nd6xf7 Rf8xf7
35.Rf3xf7 { resign }
1-0

[Event "Match"]
[Site "www.echecsemail.com"]
[Date "2018.12.03"]
[Round "1"]
[White "Coraza"]
[Black "Whitekknight"]
[WhiteElo "1790"]
[BlackElo "1850"]
[Result "0-1"]
[Round "1"]
1.g3 d5
2.Bf1g2 Ng8f6
3.d4 h6
4.Nb1c3 e6
5.Qd1d3 c6
6.Bc1f4 Bf8d6
7.Bf4e5 Qd8e7
8.Ng1f3 Nb8d7
9.O-O-O Bd6xe5
10.dxe5 Nf6h7
11.h4 Qe7c5
12.e3 f6
13.Nf3d4 Nd7xe5
14.Qd3e2 O-O
15.Nd4b3 Qc5b6
16.f4 Ne5c4
17.Rd1d3 Rf8e8
18.Nc3a4 Qb6b4
19.Na4c3 e5
20.a3 Qb4e7
21.e4 d4
22.Nc3a2 Nc4d6
23.f5 c5
24.Nb3xc5 Nd6xf5
25.b4 Nf5d6
26.Bg2f3 b6
27.Nc5b3 Bc8e6
28.Bf3h5 Re8f8
29.Kb2 Be6c4
30.Qe2g4 Bc4xd3
31.cxd3 Ra8c8
32.Bh5g6 Rf8d8
33.Bg6xh7 Kxh7
34.h5 Qe7e8
35.Na2c1 Qe8c6
36.Qg4g6 Kh8
37.Rh1h2 Qc6c3
38.Ka2 Qc3e1
39.Rh2e2 Qe1f1
40.Kb2 Rc8c3
41.Re2c2 Rd8c8
42.Rc2xc3 dxc3
43.Kc2 Qf1f2
44.Kd1 c2

0-1

[Event "Match"]
[Site "www.echecsemail.com"]
[Date "2018.12.03"]
[Round "1"]
[White "Mitja"]
[Black "Bojan"]
[WhiteElo "1970"]
[BlackElo "1970"]
[Result "0-1"]
[Round "1"]
1.d4 d5
2.e3 e6
3.c3 c5
4.dxc5 Bf8xc5
5.Ng1f3 f6
6.h3 Ng8e7
7.b3 Nb8d7
8.Bc1b2 Ne7g6
9.Nb1d2 a6
10.Bf1e2 b5
11.b4 Bc5d6
12.a3 Bc8b7
13.Qd1c2 Ra8c8
14.O-O Bd6c7
15.Rf1e1 O-O
16.Nd2f1 e5
17.Ra1d1 Nd7b6
18.e4 d4
19.cxd4 exd4
20.Qc2b3 Kh8
21.Bb2xd4 Qd8e8
22.Bd4c5 Rf8f7
23.Nf3d2 Nb6a4
24.Bc5d4 Rf7e7
25.Be2f3 Ng6e5
26.Bd4xe5 Bc7xe5
27.Nd2b1 Rc8c6
28.Rd1d3 Bb7c8
29.Re1d1 Be5c7
30.Rd3d2 Bc8e6
31.Qb3e3 h6
32.e5 Be6c8
33.Bf3xc6 Qe8xc6
34.Nf1g3 Bc8b7
35.Rd2d5 Bc7xe5
36.Qe3d3 Re7d7
37.f3 Rd7xd5
{ resign }
0-1

[Event "Tourn. n10012"]
[Site "www.echecsemail.com"]
[Date "2018.12.03"]
[Round "1"]
[White "Erno"]
[Black "Picifarkinca"]
[WhiteElo "1969"]
[BlackElo "1890"]
[Result "1-0"]
[Round "1"]
1.d4 c6
2.e4 d5
3.e5 Bc8f5
4.h4 h5
5.Nb1d2 e6
6.Nd2b3 Nb8d7
7.Bf1e2 Bf5g6
8.Ng1f3 Qd8b6
9.O-O O-O-O
10.a4 Ng8e7
11.a5 Qb6c7
12.g3 c5
13.a6 b6
14.dxc5 Nd7xc5
15.Nf3d4 Ne7f5
16.Nd4b5 Qc7b8
17.Bc1f4 f6
18.Nb3d4 Nf5xd4
19.Qd1xd4 f5
20.b4 { resign }
1-0

[Event "Tourn. n10003"]
[Site "www.echecsemail.com"]
[Date "2018.12.03"]
[Round "1"]
[White "Bojan"]
[Black "Picifarkinca"]
[WhiteElo "1960"]
[BlackElo "1840"]
[Result "1/2-1/2"]
[Round "1"]
1.e4 c6
2.d4 d5
3.exd5 cxd5
4.Bc1d2 Nb8c6
5.Bd2e3 Ng8f6
6.f3 Qd8b6
7.b3 Bc8f5
8.c4 e5
9.c5 Qb6b4
10.Kf2 exd4
11.Be3d2 Qb4xc5
12.g3 Bf8e7
13.Bd2f4 O-O
{ draw }
1/2-1/2

[Event "Match"]
[Site "www.echecsemail.com"]
[Date "2018.12.03"]
[Round "1"]
[White "Apdash"]
[Black "Guidom"]
[WhiteElo "2300"]
[BlackElo "2100"]
[Result "0-1"]
[Round "1"]
1.e4 e5
2.Ng1f3 Nb8c6
3.Bf1b5 d6
4.O-O Bc8d7
5.Rf1e1 Ng8f6
6.d4 exd4
7.Bb5xc6 Bd7xc6
8.e5 dxe5
9.Re1xe5 Bf8e7
10.Nf3xd4 O-O
11.Bc1g5 h6
12.Bg5h4 Be7d6
13.Nd4xc6 bxc6
14.Re5e1 Ra8b8
15.b3 a5
16.Nb1d2 Bd6b4
17.Re1e2 Bb4c3
18.Ra1b1 Qd8d6
19.Bh4xf6 Qd6xf6
20.Nd2e4 Qf6d4
21.Qd1xd4 Bc3xd4
22.c3 Bd4b6
23.c4 Bb6d4
24.c5 f5
25.Ne4g3 Bd4xc5
26.Rb1c1 Bc5d6
27.Rc1xc6 g6
28.Re2c2 Rf8e8
29.Kf1 Rb8b4
30.Rc6a6 Re8e5
31.f3 h5
32.Rc2e2 Re5c5
33.Ra6a8 Kf7
34.Ra8e8 Rb4d4
35.Kf2 h4
36.Ng3f1 Rc5c1
37.g3 h3
38.f4 Rd4d1
39.Nf1d2 Bd6c5
40.Kf3 Rc1c3
41.Re8e3 Rc3xe3
42.Re2xe3 Rd1xd2
43.Re3c3 Rd2f2

0-1

[Event "Tourn. n10005"]
[Site "www.echecsemail.com"]
[Date "2018.12.03"]
[Round "1"]
[White "Bojan"]
[Black "Apdash"]
[WhiteElo "2020"]
[BlackElo "2310"]
[Result "0-1"]
[Round "1"]
1.e4 e5
2.Ng1f3 Nb8c6
3.c3 f5
4.exf5 Ng8f6
5.Qd1e2 e4
6.d3 d5
7.Nf3h4 Bf8e7
8.f3 exd3
9.Qe2xd3 Nf6h5
10.Qd3e3 O-O
11.g4 Be7xh4
12.Kd1 Rf8e8
13.Qe3d3 Re8e1
14.Kc2 Nc6e5
15.Qd3b5 c6
16.Qb5b4 a5
17.Qb4c5 b6
18.Qc5d4 Ne5xf3
19.Qd4d3 Nf3e5
20.Qd3h3 Qd8f6
21.Bc1d2 Ne5xg4
22.Bd2xe1 Bc8xf5
23.Kc1 Bh4g5
24.Nb1d2 Nh5f4
25.Qh3g3 Ra8e8
26.Kd1 Ng4e3
27.Kc1 Ne3xf1
28.Qg3xg5 Qf6xg5
29.Rh1xf1 Nf4d3
30.Kd1 Qg5g4
31.Nd2f3 Re8xe1
32.Rf1xe1 Nd3xe1
{ resign }
0-1

[Event "Tourn. n10008"]
[Site "www.echecsemail.com"]
[Date "2018.12.03"]
[Round "1"]
[White "Picifarkinca"]
[Black "Pariolinius"]
[WhiteElo "1860"]
[BlackElo "1860"]
[Result "1/2-1/2"]
[Round "1"]
1.e4 c6
2.d4 d5
3.exd5 cxd5
4.Bf1d3 Ng8f6
5.c3 e6
6.Ng1f3 Nb8d7
7.O-O Bf8d6
8.Rf1e1 O-O
9.Nf3e5 a6
10.Bc1f4 { draw }
1/2-1/2

[Event "Tourn. n9962"]
[Site "www.echecsemail.com"]
[Date "2018.12.03"]
[Round "1"]
[White "Cal"]
[Black "Hansen"]
[WhiteElo "1740"]
[BlackElo "1610"]
[Result "1-0"]
[Round "1"]
1.d4 e5
2.dxe5 Nb8c6
3.a3 Nc6xe5
4.Nb1c3 Bf8c5
5.e3 g5
6.h3 c6
7.Ng1f3 f6
8.Nc3e4 Bc5e7
9.Bc1d2 g4
10.hxg4 Ne5xg4
11.Bf1e2 f5
12.Ne4g3 b5
13.Nf3d4 d6
14.b4 Bc8b7
15.Ng3xf5 Ng8f6
16.Be2xg4 c5
17.Nd4xb5 Rh8g8
18.Rh1xh7 Nf6xh7
19.g3 a6
20.Nb5c3 cxb4
21.axb4 Nh7g5
22.Bg4h5 Kd7
23.Qd1e2 Be7f6
24.Qe2g4 Ng5e6
25.Bh5g6 Ne6g5
26.Nf5h6 Ke7
27.Qg4f5 Bb7c8
28.Nc3d5 Kf8
29.Qf5f4 Rg8xg6
30.Nh6f5 Ng5h3
31.Qf4e4 Bf6xa1
32.Ke2 Rg6e6
33.Qe4g4 Nh3g5
34.f3 Bc8b7
35.e4 Ra8c8
36.Bd2xg5 Qd8d7
37.Nd5b6 Qd7b5
38.c4 Qb5xb6
39.Bg5h6 Ke8
40.Qg4g8 Kd7
41.Qg8f7 Kc6
42.Qf7xe6 Qb6xb4
43.Nf5e7 Kc7
44.Bh6f4 Qb4b2
45.Bf4d2 Rc8e8
46.Ne7d5 Bb7xd5
47.Qe6xe8 Bd5xc4
48.Ke3 Qb2d4
49.Kf4 Qd4xd2
50.Kf5 Qd2a5
51.Kg4 Bc4b5
52.Qe8e7 Kc6
53.f4 Bb5e2
54.Kh4 Ba1d4
55.f5 Qa5c3
56.Qe7e8 Kb6
57.Qe8d8 Kb5
58.Qd8d7 Kb4
59.Qd7xd6 Bd4c5
60.Qd6b8 Be2b5
61.e5 Bc5f2
62.e6 Qc3f6
63.Kg4 Ka5
64.Qb8c7 Ka4
65.Qc7c2 Ka5
66.Qc2xf2 Qf6g7
67.Kf4 Qg7h6
68.Ke4 Bb5c6
69.Ke5 Qh6g7
70.Kd6 Kb5
71.Qf2e2 Kb6
72.Qe2e3 Kb7
73.e7 Qg7f7
74.Qe3e5 Bc6e8
75.g4 Qf7c4
76.Qe5b2 Ka7
77.Qb2f2 Ka8
78.Qf2f3 Kb8
79.Qf3d5 Qc4xg4
80.Qd5b3 Ka8
81.Qb3d5 Kb8
82.Qd5e5 Qg4b4
83.Ke6 Kb7
84.f6 Qb4a4
85.f7 Qa4d7
86.Kf6 Qd7c6
87.Kg7 Be8xf7
88.Kxf7 Qc6c4
89.Qe5e6 Qc4f4
90.Qe6f6 Qf4c4
91.Kf8 Qc4c8
92.e8Q Qc8c5
93.Kg7 a5
94.Qe8d7 { resign }
1-0

[Event "Tourn. n10007"]
[Site "www.echecsemail.com"]
[Date "2018.12.03"]
[Round "1"]
[White "Bojan"]
[Black "Picifarkinca"]
[WhiteElo "1980"]
[BlackElo "1840"]
[Result "1-0"]
[Round "1"]
1.e4 c6
2.d4 d5
3.e5 Bc8f5
4.h3 e6
5.Ng1f3 Nb8d7
6.a3 c5
7.Bc1e3 Qd8b6
8.Nf3h4 Qb6xb2
9.Nb1d2 Qb2xc2
10.Nh4xf5 Qc2xf5
11.Nd2f3 h6
12.Bf1d3 { resign }
1-0

[Event "Tourn. n9997"]
[Site "www.echecsemail.com"]
[Date "2018.12.03"]
[Round "1"]
[White "Apdash"]
[Black "Aperturaf"]
[WhiteElo "2310"]
[BlackElo "2700"]
[Result "0-1"]
[Round "1"]
1.d4 e6
2.e4 d5
3.exd5 exd5
4.Ng1f3 Ng8f6
5.c4 Bf8e7
6.Nb1c3 O-O
7.cxd5 Nf6xd5
8.Bf1c4 Nd5f6
9.O-O Nb8d7
10.Bc1g5 h6
11.Bg5h4 Nd7b6
12.Bc4b3 Nf6d5
13.Nc3xd5 Nb6xd5
14.Bh4xe7 Nd5xe7
15.Qd1d2 a5
16.a4 Ne7d5
17.Rf1e1 Bc8e6
18.Re1e5 c6
19.Bb3c4 Qd8d7
20.Ra1e1 Rf8e8
21.Kf1 f6
22.Re5e2 Nd5e3
23.Re2xe3 Be6xc4
24.Kg1 Re8xe3
25.fxe3 Bc4b3
26.Re1a1 Qd7f5
27.Ra1a3 Qf5b1
28.Kf2 Bb3e6
29.h3 Ra8a6
30.Kg3 Ra6b6
31.Qd2xa5 Rb6xb2
32.Qa5e1 Qb1g6
33.Kh4 Rb2xg2
{ resign }
0-1

[Event "Tourn. n10006"]
[Site "www.echecsemail.com"]
[Date "2018.12.03"]
[Round "1"]
[White "Passaroa25"]
[Black "Picifarkinca"]
[WhiteElo "1660"]
[BlackElo "1860"]
[Result "1/2-1/2"]
[Round "1"]
1.Nb1c3 c5
2.Ng1f3 d5
3.d4 e6
4.e4 Nb8c6
5.e5 Qd8b6
6.b3 Ng8e7
7.Bc1e3 Ne7f5
8.Nc3b5 a6
9.Nb5a3 Qb6a5
10.Nf3d2 Qa5xa3
{ draw }
1/2-1/2

[Event "Tourn. n10003"]
[Site "www.echecsemail.com"]
[Date "2018.12.03"]
[Round "1"]
[White "Aiko1603"]
[Black "Francesco"]
[WhiteElo "2060"]
[BlackElo "1930"]
[Result "1-0"]
[Round "1"]
1.c4 Ng8f6
2.Nb1c3 g6
3.g3 Bf8g7
4.Bf1g2 O-O
5.d4 d6
6.Ng1f3 Nb8d7
7.O-O c5
8.Bc1g5 a6
9.e4 Ra8b8
10.e5 cxd4
11.Qd1xd4 Nf6e8
12.Qd4h4 f6
13.exf6 exf6
14.Bg5e3 Nd7e5
15.Nf3xe5 dxe5
16.Bg2d5 Kh8
17.Be3c5 Ne8d6
18.Nc3e4 g5
19.Qh4h5 Nd6xe4
20.Bd5xe4 h6
21.Bc5xf8 Qd8xf8
22.Qh5g6 Qf8g8
23.Be4d5 Qg8d8
24.Ra1d1 Bc8d7
25.Bd5e4 { resign }
1-0